|
|
|
|
| LEADER |
02783nam a2200565 4500 |
| 001 |
ocn923863029 |
| 003 |
OCoLC |
| 005 |
20170816105429.0 |
| 006 |
m o d |
| 007 |
cr cnu|||unuuu |
| 008 |
151013s2015 gw ob 001 0 eng d |
| 040 |
|
|
|a DG1
|b eng
|e rda
|e pn
|c DG1
|d YDXCP
|d OCLCF
|d COO
|d OCLCQ
|d DEBBG
|d KSU
|d CCO
|d MERUC
|d LOA
|d COCUF
|d DG1
|d K6U
|d LIP
|d PIFAG
|d FVL
|d GrThAP
|
| 020 |
|
|
|a 9783527684625
|q (electronic bk.)
|
| 020 |
|
|
|a 352768462X
|q (electronic bk.)
|
| 020 |
|
|
|a 3527331654
|
| 020 |
|
|
|a 9783527331659
|
| 020 |
|
|
|a 9783527684649
|q (e-book)
|
| 020 |
|
|
|a 3527684646
|q (e-book)
|
| 020 |
|
|
|a 9783527684656
|q (ePDF)
|
| 020 |
|
|
|a 3527684654
|q (ePDF)
|
| 020 |
|
|
|a 9783527684632
|q (Mobi)
|
| 020 |
|
|
|a 3527684638
|q (Mobi)
|
| 020 |
|
|
|z 9783527331659
|
| 024 |
7 |
|
|a 10.1002/9783527684625
|2 doi
|
| 029 |
1 |
|
|a GBVCP
|b 856571652
|
| 029 |
1 |
|
|a DEBBG
|b BV043398059
|
| 029 |
1 |
|
|a CHVBK
|b 480250235
|
| 029 |
1 |
|
|a CHNEW
|b 000944785
|
| 029 |
1 |
|
|a DEBSZ
|b 485062178
|
| 035 |
|
|
|a (OCoLC)923863029
|
| 050 |
|
4 |
|a TP156.C35
|
| 082 |
0 |
4 |
|a 660/.2995
|2 23
|
| 049 |
|
|
|a MAIN
|
| 100 |
1 |
|
|a Hagen, Jens,
|e author.
|
| 245 |
1 |
0 |
|a Industrial catalysis :
|b a practical approach /
|c Jens Hagen.
|
| 250 |
|
|
|a Third completely revised and enlarged edition.
|
| 264 |
|
1 |
|a Weinheim, Germany :
|b Wiley-VCH,
|c 2015.
|
| 300 |
|
|
|a 1 online resource
|
| 336 |
|
|
|a text
|b txt
|2 rdacontent
|
| 337 |
|
|
|a computer
|b c
|2 rdamedia
|
| 338 |
|
|
|a online resource
|b cr
|2 rdacarrier
|
| 505 |
0 |
|
|a Homogeneous Catalysis with Transition Metal Catalysts -- Homogeneously Catalyzed Industrial Processes -- Biocatalysis -- Heterogeneous Catalysis: Fundamentals -- Catalyst Shapes and Production of Heterogeneous Catalysts -- Shape-Selective Catalysis: Zeolites -- Heterogeneously Catalyzed Processes in Industry -- Refinery Processes and Petrochemistry -- Electrocatalytic Processes -- Environmental Catalysis and Green Chemistry -- Phase-Transfer Catalysis -- Catalytic Processes with Renewable Materials -- Polymerization Catalysis -- Planning, Development, and Testing of Catalysts -- Catalysis Reactors -- Economic Importance of Catalysts -- Future Development of Catalysis -- Solutions to the Exercises.
|
| 504 |
|
|
|a Includes bibliographical references and index.
|
| 588 |
0 |
|
|a Online resource; title from PDF title page (John Wiley, viewed October 13, 2015).
|
| 650 |
|
0 |
|a Catalysis.
|
| 650 |
|
7 |
|a Catalysis.
|2 fast
|0 (OCoLC)fst00848867
|
| 655 |
|
4 |
|a Electronic books.
|
| 776 |
0 |
8 |
|i Print version:
|a Hagen, Jens.
|t Industrial catalysis : a practical approach.
|b Third, completely revised and enlarged edition.
|d Weinheim an der Bergstrasse, Germany : Wiley-VCH, ©2015
|h 628 pages
|z 9783527331659
|
| 856 |
4 |
0 |
|u https://doi.org/10.1002/9783527684625
|z Full Text via HEAL-Link
|
| 994 |
|
|
|a 92
|b DG1
|